Âm mưu và tội ác

में बचाया:
ग्रंथसूची विवरण
मुख्य लेखक: Exbrayat
स्वरूप: पुस्तक
भाषा:Vietnamese
प्रकाशित: Công an nhân dân 2000
टैग : टैग जोड़ें
कोई टैग नहीं, इस रिकॉर्ड को टैग करने वाले पहले व्यक्ति बनें!
Thư viện lưu trữ: Mạng thư viện Đại học Đà Nẵng
LEADER 00618nam a2200253 4500
001 000022431
003 18879
005 20150506090523.0
008 150506s2000 viesd
020 |c 24500 
041 0 |a vie 
082 1 4 |a 853  |b EXB 
100 1 |a Exbrayat 
245 1 0 |a Âm mưu và tội ác  |c Exbrayat ; Đặng Phú dịch 
260 |b Công an nhân dân  |c 2000 
300 |a tr.  |c cm. 
OWN |a LSP 
999 |a From the UDN01 
TYP |a Monograph 
TYP |a Printed language 
980 |a Mạng thư viện Đại học Đà Nẵng